000 00531nam a22001937a 4500
005 20240304140919.0
008 240304b |||||||| |||| 00| 0 eng d
020 _a9789353062828
082 _a005.133
_bDEI-H
100 _aDeitel, Paul.
245 _aC how to program:
_bWith An Introduction To C++/
_cHravey Deitel.
250 _a8th ed.
260 _aindia:
_bpearsonl;
_c2018.
300 _a1005 p:
_c23 cm.
500 _ainclude index.
650 _acomputer science/Programming
700 _aHarver Deitel
999 _c35197
_d35197